Julie White V Knowsley Housing Trust and The Secretary of State for Communities and Local Government (Record no. 78816)
[ view plain ]
| 000 -LEADER | |
|---|---|
| fixed length control field | 01786cad a22002655a 4500 |
| 001 - CONTROL NUMBER | |
| control field | L138210 |
| 008 - FIXED-LENGTH DATA ELEMENTS--GENERAL INFORMATION | |
| fixed length control field | 070522s2007 xxk f w 000 0 eng d |
| 035 ## - SYSTEM CONTROL NUMBER | |
| System control number | (Sirsi) u138210 |
| 041 0# - LANGUAGE CODE | |
| Language code of text/sound track or separate title | eng |
| 245 00 - TITLE STATEMENT | |
| Title | Julie White V Knowsley Housing Trust and The Secretary of State for Communities and Local Government |
| Medium | [electronic resource] |
| 260 ## - PUBLICATION, DISTRIBUTION, ETC. | |
| Date of publication, distribution, etc. | 2007 |
| 520 ## - SUMMARY, ETC. | |
| Summary, etc. | [2007] EWCA Civ 404, 2 May 2007. Considers whether an assured tenancy ends on the date that possession is demanded, or continues until the date of vacation. W had been an assured tenant of her social landlord K. After accruing rent arrears she was served a possession order, but this was not put into effect since an agreement was reached. She was refused her right to buy the property as her tenancy had ended. W appealed against this decision, arguing that her continued residence represented the currency of the tenancy. "Held": The suspension of the possession order granted rights similar to those of the tenancy, but did not represent the continuation of that tenancy. The tenancy did not continue until the property was given up. The appeal was dismissed. |
| 590 ## - LOCAL NOTE (RLIN) | |
| Local note | KA |
| 650 24 - SUBJECT ADDED ENTRY--TOPICAL TERM | |
| Topical term or geographic name entry element | WHITE V KNOWSLEY HOUSING TRUST AND ANOTHER |
| 650 24 - SUBJECT ADDED ENTRY--TOPICAL TERM | |
| Topical term or geographic name entry element | RENT ACT 1977 |
| 650 24 - SUBJECT ADDED ENTRY--TOPICAL TERM | |
| Topical term or geographic name entry element | HOUSING ACT 1985 PART V |
| 650 24 - SUBJECT ADDED ENTRY--TOPICAL TERM | |
| Topical term or geographic name entry element | HOUSING ACT 1988 S9(2) |
| 650 24 - SUBJECT ADDED ENTRY--TOPICAL TERM | |
| Topical term or geographic name entry element | BRISTOL CITY COUNCIL V HASSAN AND ANOTHER |
| 650 24 - SUBJECT ADDED ENTRY--TOPICAL TERM | |
| Topical term or geographic name entry element | SHERRIN V BRAND |
| 650 24 - SUBJECT ADDED ENTRY--TOPICAL TERM | |
| Topical term or geographic name entry element | ARTESIAN RESIDENTIAL DEVELOPMENTS LTD V BECK AND ANOTHER |
| 651 #4 - SUBJECT ADDED ENTRY--GEOGRAPHIC NAME | |
| Geographic name | England and Wales |
| Chronological subdivision | 1543- |
| 690 ## - LOCAL SUBJECT ADDED ENTRY--TOPICAL TERM (OCLC, RLIN) | |
| Topical term or geographic name as entry element | PROPERTY-RESIDENTIAL PROPERTY-RESIDENTIAL LANDLORD AND TENANT-RESIDENTIAL TENANCIES-BREACHING RESIDENTIAL TENANCIES |
| 856 40 - ELECTRONIC LOCATION AND ACCESS | |
| Uniform Resource Identifier | <a href="https://www.bailii.org/ew/cases/EWCA/Civ/2007/404.html">https://www.bailii.org/ew/cases/EWCA/Civ/2007/404.html</a> |
| Public note | View the article free of charge at www.bailii.org... |
| 942 ## - ADDED ENTRY ELEMENTS (KOHA) | |
| Suppress in OPAC | 0 |
| Withdrawn status | Lost status | Source of classification or shelving scheme | Damaged status | Not for loan | Home library | Current library | Shelving location | Date acquired | Total Checkouts | Full call number | Barcode | Date last seen | Copy number | Price effective from | Koha item type |
|---|---|---|---|---|---|---|---|---|---|---|---|---|---|---|---|
| Dewey Decimal Classification | Virtual | Virtual | Online | 22/05/2007 | ONLINE PUBLICATION | 138210-1001 | 06/08/2019 | 1 | 06/08/2019 | Journal article |